| 000 | 01086nam a2200289 i 4500 | ||
|---|---|---|---|
| 001 | 196720 | ||
| 003 | ES-MaACL | ||
| 005 | 20250814084558.0 | ||
| 008 | 241020b2007 sp ||||| |||| 00| 0 spa d | ||
| 017 |
_aSA 989-2007 _bOficina Depósito Legal Santander |
||
| 040 |
_bspa _cES-MaACL |
||
| 100 | 1 |
_aPastor González, Felipe _9239262 _eaut |
|
| 245 | 1 |
_aCine, toros y un poco más / _cpor Felipe Pastor González |
|
| 260 |
_aMadrid : _bEditorial Vida privada, _c2007 |
||
| 300 |
_a262 páginas ; _c21 cm |
||
| 336 |
_2rdacontent _atexto |
||
| 337 |
_2rdamedia _asin mediación |
||
| 338 |
_2rdacarrier _avolumen |
||
| 650 | 7 |
_aCine _2embne _911010 |
|
| 650 | 4 |
_911370 _aCorridas de toros |
|
| 852 |
_aES-MaACL _cDEPOJ _jN-10190 _hDonación: José Lázaro García _xEncuadernación rústica con solapas _9206317 |
||
| 903 |
_9234219 _aLázaro García, José _ednr |
||
| 942 |
_cMONOGRAFIA _n0 |
||
| 999 |
_c196720 _d196720 |
||